[Event "World University-ch (Women) 12th"]
[Site "Guimaraes"]
[Date "2012.08.20"]
[Round "2"]
[White "Carreras Mendiolea, Paulina Adriana"]
[Black "Salazar Loor, Sara"]
[Result "1-0"]
[WhiteElo "1962"]
[BlackElo "1887"]
[PlyCount "48"]
[EventDate "2012.08.20"]
[EventType "swiss"]
[EventRounds "9"]
[EventCountry "POR"]
[SourceTitle "CBM 150 Extra"]
[Source "ChessBase"]
[SourceDate "2012.10.19"]
[SourceVersion "1"]
[SourceVersionDate "2012.10.19"]
[SourceQuality "1"]

1. e4 c5 2. Nf3 Nc6 3. d4 cxd4 4. Nxd4 Nf6 5. Nc3 d6 6. h3 e6 7. Be3 a6 8. Be2 Be7 9. 0-0 0-0 10. f4 Qc7 11. a3 Bd7 12. Qe1 e5 13. Nf5 Bxf5 14. exf5 d5 15. fxe5 Qxe5 16. Bf4 Qxf5 17. Bd3 Qd7 18. Rd1 d4 19. Ne4 Nxe4 20. Qxe4 g6 21. Bh6 Rfe8 22. Rxf7 b5 23. Rg7+ Kh8 24. Rxh7+ Kg8 1-0

[Event "Duran zt 2.3.5 (Women)"]
[Site "Duran"]
[Date "2012.03.09"]
[Round "7"]
[White "Matute Loja, Belen"]
[Black "Salazar Loor, Sara"]
[Result "1-0"]
[WhiteElo "1925"]
[BlackElo "1953"]
[PlyCount "67"]
[EventDate "2012.03.05"]
[EventType "swiss"]
[EventRounds "9"]
[EventCountry "ECU"]
[SourceTitle "EXT 2023"]
[Source "ChessBase"]
[SourceDate "2022.10.05"]
[SourceVersion "1"]
[SourceVersionDate "2022.10.05"]
[SourceQuality "1"]

1. e4 c5 2. Nf3 Nc6 3. d4 cxd4 4. Nxd4 Nf6 5. Nc3 d6 6. g3 e5 7. Nde2 a6 8. Bg2 Be7 9. a4 0-0 10. 0-0 Be6 11. h3 Rc8 12. g4 Nb4 13. f4 Qb6+ 14. Kh1 exf4 15. Nxf4 Bc4 16. Rf3 d5 17. exd5 Rfd8 18. b3 Nbxd5 19. Ncxd5 Bxd5 20. Nxd5 Nxd5 21. Qf1 Bf6 22. a5 Qe6 23. Ra4 Rxc2 24. g5 Re2 25. gxf6 Re1 26. Rd4 Rxf1+ 27. Rxf1 Rd7 28. Re4 Qxe4 29. Bxe4 Nxf6 30. Bf3 h6 31. Bb2 Rd3 32. Bxf6 gxf6 33. Bxb7 Rxb3 34. Bxa6 1-0

[Event "La Ceja zt (Women) 2.3"]
[Site "La Ceja"]
[Date "2011.10.12"]
[Round "3"]
[White "Sotomayor Villatoro, Silvi"]
[Black "Salazar Loor, Sara"]
[Result "1/2-1/2"]
[WhiteElo "1912"]
[BlackElo "1998"]
[PlyCount "54"]
[EventDate "2011.10.11"]
[EventType "swiss"]
[EventRounds "9"]
[EventCountry "COL"]
[SourceTitle "CBM 144 Extra"]
[Source "ChessBase"]
[SourceDate "2011.10.28"]
[SourceVersion "1"]
[SourceVersionDate "2011.10.28"]
[SourceQuality "1"]

1. d4 Nf6 2. Nf3 g6 3. g3 d6 4. Bg2 Bg7 5. 0-0 0-0 6. c4 Nbd7 7. Nc3 c5 8. e3 a6 9. a4 Rb8 10. Ne1 e5 11. f4 Qe7 12. Nf3 h6 13. f5 g5 14. Qc2 Re8 15. d5 Nb6 16. b3 Na8 17. e4 Nc7 18. a5 Bd7 19. Bd2 b6 20. axb6 Rxb6 21. Na4 Bxa4 22. Rxa4 Reb8 23. Ra3 Nfe8 24. Ba5 R6b7 25. Nd2 Bf6 26. Bf3 Na8 27. Rfa1 Nac7 1/2-1/2

[Event "American Continental (Women) 06th"]
[Site "Duran"]
[Date "2011.06.17"]
[Round "7"]
[White "Cordero, Daniela"]
[Black "Salazar Loor, Sara"]
[Result "1-0"]
[WhiteElo "2058"]
[BlackElo "2002"]
[PlyCount "59"]
[EventDate "2011.06.12"]
[EventType "swiss"]
[EventRounds "11"]
[EventCountry "ECU"]
[SourceTitle "EXT 2012"]
[Source "ChessBase"]
[SourceDate "2011.11.24"]
[SourceVersion "1"]
[SourceVersionDate "2011.11.24"]
[SourceQuality "1"]

1. d4 Nf6 2. Nf3 g6 3. c4 Bg7 4. g3 d6 5. Bg2 0-0 6. 0-0 Nc6 7. d5 Na5 8. Qa4 b6 9. Bd2 Bd7 10. Qc2 Bf5 11. Qc1 Nb7 12. Bh6 a5 13. Bxg7 Kxg7 14. Nc3 Nc5 15. Re1 Nce4 16. Nd4 Qd7 17. g4 Nxf2 18. gxf5 N2g4 19. Rf1 Ne5 20. Ne4 Nxe4 21. Bxe4 Kh8 22. Kh1 Rae8 23. Qh6 Rg8 24. fxg6 fxg6 25. Ne6 Ng4 26. Qh4 Ne5 27. Rf2 c6 28. Raf1 cxd5 29. Bxd5 h5 30. Qg5 1-0

[Event "American Continental (Women) 06th"]
[Site "Duran"]
[Date "2011.06.15"]
[Round "5"]
[White "Mendoza Velazquez, Lorena Alejandra"]
[Black "Salazar Loor, Sara"]
[Result "1/2-1/2"]
[WhiteElo "2033"]
[BlackElo "2002"]
[PlyCount "58"]
[EventDate "2011.06.12"]
[EventType "swiss"]
[EventRounds "11"]
[EventCountry "ECU"]
[SourceTitle "EXT 2012"]
[Source "ChessBase"]
[SourceDate "2011.11.24"]
[SourceVersion "1"]
[SourceVersionDate "2011.11.24"]
[SourceQuality "1"]

1. d4 Nf6 2. Nf3 d6 3. c4 g6 4. Nc3 Bg7 5. e4 0-0 6. Be3 Nbd7 7. Nd2 e5 8. d5 a5 9. Be2 Ne8 10. a3 f5 11. f3 f4 12. Bf2 g5 13. h3 h5 14. b4 Ndf6 15. c5 Rf7 16. Nc4 axb4 17. axb4 Rxa1 18. Qxa1 Bf8 19. Qa8 c6 20. dxc6 bxc6 21. Nb6 Rb7 22. Ba6 Nc7 23. Bc4+ d5 24. Qxc8 Qxc8 25. Nxc8 dxc4 26. Nb6 Na6 27. Nxc4 Rxb4 28. Nxe5 Nxc5 29. 0-0 Ne6 1/2-1/2

[Event "American Continental (Women) 06th"]
[Site "Duran"]
[Date "2011.06.14"]
[Round "3"]
[White "Rosales Murillo, Cristina"]
[Black "Salazar Loor, Sara"]
[Result "0-1"]
[WhiteElo "1638"]
[BlackElo "2002"]
[PlyCount "64"]
[EventDate "2011.06.12"]
[EventType "swiss"]
[EventRounds "11"]
[EventCountry "ECU"]
[SourceTitle "EXT 2012"]
[Source "ChessBase"]
[SourceDate "2011.11.24"]
[SourceVersion "1"]
[SourceVersionDate "2011.11.24"]
[SourceQuality "1"]

1. e4 c5 2. Nf3 Nc6 3. d4 cxd4 4. Nxd4 Nf6 5. Nc3 d6 6. Be3 e6 7. Bc4 a6 8. Bb3 Be7 9. 0-0 0-0 10. f4 Qc7 11. Qf3 Na5 12. Rac1 b5 13. a3 Nc4 14. Bxc4 bxc4 15. b4 Bb7 16. b5 Qa5 17. bxa6 Rxa6 18. Nde2 d5 19. e5 Nd7 20. Bd4 f6 21. Qg3 Bc5 22. Qe3 Qxa3 23. exf6 Rxf6 24. Ra1 Bxd4 25. Nxd4 Qc5 26. Rxa6 Bxa6 27. Re1 Nf8 28. h3 Bc8 29. Na4 Qd6 30. Nb5 Qd7 31. Qc5 Ba6 32. Nb6 Qxb5 0-1

[Event "American Continental (Women) 06th"]
[Site "Duran"]
[Date "2011.06.14"]
[Round "4"]
[White "Salazar Loor, Sara"]
[Black "Real Pereyra, Diana Carime"]
[Result "1/2-1/2"]
[WhiteElo "2002"]
[BlackElo "1976"]
[PlyCount "53"]
[EventDate "2011.06.12"]
[EventType "swiss"]
[EventRounds "11"]
[EventCountry "ECU"]
[SourceTitle "EXT 2012"]
[Source "ChessBase"]
[SourceDate "2011.11.24"]
[SourceVersion "1"]
[SourceVersionDate "2011.11.24"]
[SourceQuality "1"]

1. e4 c5 2. Nf3 d6 3. d4 cxd4 4. Nxd4 Nf6 5. Nc3 Nc6 6. Be3 e5 7. Nb3 Be7 8. f3 0-0 9. Qd2 a5 10. a3 Be6 11. Nd5 a4 12. Bb6 Qd7 13. Nc1 Bxd5 14. exd5 Nb8 15. Na2 Bd8 16. Bxd8 Qxd8 17. 0-0-0 Nbd7 18. g4 Qa5 19. Nb4 Rfc8 20. g5 Nh5 21. Bh3 Rc7 22. Bg4 Nf4 23. Bxd7 Rxd7 24. h4 Nh5 25. Rh2 Rc7 26. Qd3 Rac8 27. c3 1/2-1/2

[Event "Pan American-ch U20 Girls"]
[Site "Cali"]
[Date "2010.05.23"]
[Round "5"]
[White "Salazar Loor, Sara"]
[Black "Rodriguez Rueda, Paula Andrea"]
[Result "1/2-1/2"]
[WhiteElo "1953"]
[BlackElo "2048"]
[PlyCount "96"]
[EventDate "2010.05.20"]
[EventType "swiss"]
[EventRounds "9"]
[EventCountry "COL"]
[SourceTitle "CBM 136 Extra"]
[Source "ChessBase"]
[SourceDate "2010.07.02"]
[SourceVersion "2"]
[SourceVersionDate "2010.07.15"]
[SourceQuality "1"]

1. e4 c5 2. Nf3 d6 3. d4 cxd4 4. Nxd4 Nf6 5. Nc3 a6 6. Be3 e6 7. f3 b5 8. Qd2 Nbd7 9. g4 h6 10. 0-0-0 Bb7 11. Kb1 d5 12. exd5 Nxd5 13. Nxd5 Bxd5 14. Bg2 Nb6 15. b3 Rc8 16. Qf2 Nd7 17. h4 Qc7 18. Rhe1 Bb4 19. Bd2 Bc5 20. Be3 0-0 21. g5 h5 22. Nf5 Bb4 23. Re2 Bxb3 24. Nh6+ gxh6 25. cxb3 hxg5 26. Bxg5 Nb6 27. f4 f6 28. Bh6 Qh7+ 29. Be4 Qxh6 30. Qxb6 Qxf4 31. Qxe6+ Kh8 32. Qd7 Rc7 33. Qd5 Qh6 34. Rg2 Re8 35. Rc2 Rxc2 36. Bxc2 Rg8 37. Qc6 Ba3 38. Qxa6 b4 39. Qd3 Rc8 40. Rg1 Rf8 41. Qf5 Rg8 42. Rxg8+ Kxg8 43. Qg6+ Qxg6 44. Bxg6 Kg7 45. Bxh5 Kh6 46. Bf3 Kg6 47. Kc2 f5 48. Kd3 f4 1/2-1/2

[Event "Caribbean-ch U20 Girls"]
[Site "Merida"]
[Date "2010.05.03"]
[Round "3"]
[White "Salazar Loor, Sara"]
[Black "Rovira Contreras, Tairu Manuela"]
[Result "1-0"]
[WhiteElo "1979"]
[BlackElo "1897"]
[PlyCount "77"]
[EventDate "2010.05.02"]
[EventType "swiss"]
[EventRounds "9"]
[EventCountry "VEN"]
[SourceTitle "EXT 2013"]
[Source "ChessBase"]
[SourceDate "2012.11.22"]
[SourceVersion "1"]
[SourceVersionDate "2012.11.22"]
[SourceQuality "1"]

1. e4 e5 2. Nf3 Nc6 3. Bb5 a6 4. Ba4 Nf6 5. 0-0 Be7 6. Re1 b5 7. Bb3 0-0 8. c3 d5 9. exd5 Nxd5 10. Nxe5 Nxe5 11. Rxe5 c6 12. d4 Bd6 13. Re1 Qh4 14. g3 Qh3 15. Be3 Bg4 16. Qd3 Rae8 17. Nd2 Re6 18. Qf1 Qh5 19. Qg2 Rg6 20. a4 Be6 21. axb5 f5 22. Bd1 Nxe3 23. Rxe3 Qg5 24. Nf3 Qf6 25. Ne5 Rh6 26. bxc6 f4 27. Re1 fxg3 28. fxg3 Bh3 29. Ng4 Qf7 30. Nxh6+ gxh6 31. Bb3 Qxb3 32. Qxh3 Qxb2 33. Rf1 Qxc3 34. Qe6+ Kg7 35. Qg4+ Kh8 36. Rxf8+ Bxf8 37. Rf1 Qe3+ 38. Kg2 Qe2+ 39. Rf2 1-0